| 000 | 00555nam a22001937a 4500 | ||
|---|---|---|---|
| 005 | 20251007122600.0 | ||
| 008 | 251007b |||||||| |||| 00| 0 eng d | ||
| 020 | _a0-7817-4916-6 | ||
| 050 |
_aRC440.B749 .2005 _bC.2 |
||
| 100 | _aBOYD,ANN MARRY | ||
| 245 | _aPSYCHIATRIC NURSING COMTEMPORARY PRACTICE | ||
| 250 | _a3RD EDITION | ||
| 260 |
_a Philadelphia _bLippincott Williams & Wilkins _c2005 |
||
| 300 | _a950 | ||
| 500 | _aINCUDES APPENDIX,GLOSSARY AND INDEX | ||
| 650 | _a Psychiatric nursinG | ||
| 700 | _aBOYD,ANN MARRY | ||
| 942 |
_2lcc _cBK |
||
| 999 |
_c216134 _d216134 |
||